| 000 | 00676nam a2200217 i 4500 | ||
|---|---|---|---|
| 001 | 43537 | ||
| 003 | ES-MaACL | ||
| 005 | 20240224062533.0 | ||
| 007 | t| | ||
| 008 | 030318s1977 sp ||||1| spa d | ||
| 020 | _a84-85137-51-5 | ||
| 080 | _a821.134.2-31"15" | ||
| 100 | 1 |
_aCervantes Saavedra, Miguel de, _d1547-1616 _9226514 |
|
| 240 | 1 | 0 | _aDon Quijote de la Mancha |
| 245 | 1 | 0 |
_aDon Quijote de la Mancha / _cMiguel de Cervantes. |
| 260 |
_aMadrid : _bTurner, _c1977. |
||
| 300 |
_a4 v. : _bil. ; _c30 cm. |
||
| 534 |
_pFacsímil de la ed. de: _cReal Academia Española, impresa por Joaquín Ibarra, 1780. |
||
| 852 | 4 |
_aES-MaACL _jA-7521-24 |
|
| 999 |
_c43537 _d43537 |
||